[Event "Oberliga Ost-A 1819"]
[Site "Germany"]
[Date "2018.11.11"]
[Round "3.7"]
[White "Beyer, Till"]
[Black "Mader, Joerg"]
[Result "1-0"]
[WhiteElo "2086"]
[BlackElo "2096"]
[PlyCount "45"]
[EventDate "2018.10.21"]
[EventType "team-tourn"]
[EventRounds "11"]
[EventCountry "GER"]
[SourceTitle "EXT 2020"]
[Source "ChessBase"]
[SourceDate "2019.10.17"]
[SourceVersion "1"]
[SourceVersionDate "2019.10.17"]
[SourceQuality "1"]
[WhiteTeam "Leipzig SG II"]
[BlackTeam "Leipzig VfB"]
[WhiteTeamCountry "GER"]
[BlackTeamCountry "GER"]

1. d4 d5 2. c4 e6 3. Nc3 Nf6 4. cxd5 exd5 5. Bg5 Be7 6. Qc2 0-0 7. e3 c6 8. Bd3 Nbd7 9. Nf3 Re8 10. h3 Ne4 11. Bf4 Ndf6 12. Ne5 Bd6 13. 0-0-0 Qa5 14. Bxe4 Nxe4 15. Nxe4 Bxe5 16. Ng5 Bxf4 17. Qxh7+ Kf8 18. exf4 Qxa2 19. Qh8+ Ke7 20. Rhe1+ Be6 21. Qxg7 Kd6 22. Qe5+ Kd7 23. f5 1-0

[Event "Oberliga Ost-A 1516"]
[Site "Germany"]
[Date "2015.12.13"]
[Round "5.2"]
[White "Siedentopf, Daniel"]
[Black "Beyer, Till"]
[Result "1-0"]
[WhiteElo "2283"]
[BlackElo "2069"]
[PlyCount "97"]
[EventDate "2015.09.20"]
[EventType "team-tourn"]
[EventRounds "11"]
[EventCountry "GER"]
[SourceTitle "EXT 2017"]
[Source "ChessBase"]
[SourceDate "2016.10.25"]
[SourceVersion "1"]
[SourceVersionDate "2016.10.25"]
[SourceQuality "1"]
[WhiteTeam "Dresden Gruen Weiss"]
[BlackTeam "Leipzig SG II"]
[WhiteTeamCountry "GER"]
[BlackTeamCountry "GER"]

1. d4 Nf6 2. c4 e6 3. g3 d5 4. Nf3 c6 5. Bg2 Be7 6. 0-0 0-0 7. Qc2 Nbd7 8. Nbd2 Qc7 9. e4 Nxe4 10. Nxe4 dxe4 11. Qxe4 Nf6 12. Qc2 c5 13. Rd1 cxd4 14. Bf4 Qc5 15. Be5 Bd7 16. Bxd4 Qc8 17. Ne5 Rd8 18. Qb3 Bc6 19. Nxc6 bxc6 20. Qa4 a5 21. Qxc6 Qxc6 22. Bxc6 Rab8 23. b3 Bb4 24. Be5 Rbc8 25. Bb7 Rxd1+ 26. Rxd1 Re8 27. Bc7 h6 28. Rd8 Kf8 29. Bc6 Rxd8 30. Bxd8 Ne8 31. Kf1 f5 32. Ke2 Nf6 33. f3 Kf7 34. Kd3 e5 35. Bd5+ Nxd5 36. cxd5 g5 37. h3 Kg6 38. Bc7 Kf6 39. g4 fxg4 40. hxg4 Be1 41. Ke4 Bc3 42. Bd8+ Kg6 43. d6 Kf7 44. Kd5 Ke8 45. Bf6 Kd7 46. Bg7 Bb4 47. Bxh6 Bxd6 48. Bxg5 a4 49. bxa4 1-0

[Event "Oberliga Ost-A 1415"]
[Site "Germany"]
[Date "2014.11.09"]
[Round "4.5"]
[White "Wappler, Marcus"]
[Black "Beyer, Till"]
[Result "1-0"]
[WhiteElo "2209"]
[BlackElo "2048"]
[PlyCount "87"]
[EventDate "2014.09.21"]
[EventType "team-tourn"]
[EventRounds "11"]
[EventCountry "GER"]
[SourceTitle "EXT 2016"]
[Source "ChessBase"]
[SourceDate "2015.10.08"]
[SourceVersion "1"]
[SourceVersionDate "2015.10.08"]
[SourceQuality "1"]
[WhiteTeam "Dresden Gruen Weiss"]
[BlackTeam "Leipzig SG II"]
[WhiteTeamCountry "GER"]
[BlackTeamCountry "GER"]

1. e4 e5 2. Nf3 Nc6 3. Nc3 Nf6 4. Bb5 Bc5 5. 0-0 0-0 6. Nxe5 Nxe5 7. d4 d5 8. Bg5 Be7 9. Bxf6 Bxf6 10. dxe5 Bxe5 11. exd5 c6 12. dxc6 Qc7 13. Qh5 bxc6 14. Bd3 g6 15. Qh4 Rb8 16. Ne4 Bxb2 17. Rab1 Qe5 18. c3 f5 19. Ng5 Qg7 20. Bc4+ Kh8 21. Rfd1 Bd7 22. Be6 Bxc3 23. Rb3 Rxb3 24. axb3 Bd2 25. Nf7+ Kg8 26. Nh6+ Kh8 27. Nf7+ Kg8 28. Bc4 Rxf7 29. Qd8+ Qf8 30. Qxd7 Bb4 31. Qxf7+ Qxf7 32. Bxf7+ Kxf7 33. Rd7+ Ke6 34. Rxa7 Kd5 35. Rd7+ Kc5 36. Kf1 Bc3 37. Ke2 h6 38. Kd3 Be5 39. Rh7 g5 40. Rxh6 Kd5 41. Rg6 g4 42. h4 gxh3 43. gxh3 f4 44. f3 1-0

[Event "Oberliga Ost-A 1415"]
[Site "Germany"]
[Date "2014.10.19"]
[Round "3.3"]
[White "Beyer, Till"]
[Black "Kesik, Klaus Dieter"]
[Result "1-0"]
[WhiteElo "2048"]
[BlackElo "2276"]
[PlyCount "59"]
[EventDate "2014.09.21"]
[EventType "team-tourn"]
[EventRounds "11"]
[EventCountry "GER"]
[SourceTitle "EXT 2016"]
[Source "ChessBase"]
[SourceDate "2015.10.08"]
[SourceVersion "1"]
[SourceVersionDate "2015.10.08"]
[SourceQuality "1"]
[WhiteTeam "Leipzig SG II"]
[BlackTeam "Hoyerswerda"]
[WhiteTeamCountry "GER"]
[BlackTeamCountry "GER"]

1. d4 Nf6 2. c4 g6 3. Nc3 Bg7 4. e4 d6 5. Nf3 0-0 6. Be2 Na6 7. 0-0 Qe8 8. h3 e5 9. dxe5 dxe5 10. Be3 c6 11. Qc2 Nh5 12. Rad1 Nf4 13. Bxf4 exf4 14. Nd4 Qe7 15. Bf3 Nc7 16. Nce2 Be5 17. Qb3 h5 18. Qa3 Qh4 19. b4 g5 20. Nf5 Bxf5 21. exf5 g4 22. g3 Qxh3 23. Nxf4 Qxf1+ 24. Kxf1 Bxf4 25. gxf4 gxf3 26. Qxf3 Rfd8 27. Qxh5 Rxd1+ 28. Qxd1 Ne8 29. Qd4 b5 30. c5 1-0

[Event "Leipzig VfB op 16th"]
[Site "Leipzig"]
[Date "2009.04.05"]
[Round "9"]
[White "Beyer, Till"]
[Black "Abromeit, Guenter"]
[Result "1-0"]
[WhiteElo "2034"]
[BlackElo "1869"]
[PlyCount "97"]
[EventDate "2009.03.31"]
[EventType "swiss"]
[EventRounds "9"]
[EventCountry "GER"]
[SourceTitle "EXT 2010"]
[Source "ChessBase"]
[SourceDate "2010.11.25"]
[SourceVersion "1"]
[SourceVersionDate "2010.11.25"]
[SourceQuality "1"]

1. Nf3 Nf6 2. c4 g6 3. g3 Bg7 4. Bg2 d6 5. 0-0 c5 6. Nc3 0-0 7. d3 Bd7 8. Ne1 Bc6 9. e4 Na6 10. f4 e6 11. Nf3 Nc7 12. Qc2 Rc8 13. Bd2 b5 14. Rad1 b4 15. Ne2 Qe8 16. Rfe1 a5 17. f5 exf5 18. exf5 Qd7 19. fxg6 fxg6 20. Nf4 Rce8 21. Bc1 Qc8 22. h4 Qb7 23. Ng5 Ng4 24. Rxe8 Rxe8 25. Ne4 Bd4+ 26. Kf1 Be5 27. Qe2 Nf6 28. Re1 Nxe4 29. dxe4 Rf8 30. Kg1 Bd7 31. Qd3 Qc8 32. Rf1 Qe8 33. Kh2 Qe7 34. Bh3 Bxh3 35. Kxh3 Qd7+ 36. Kg2 Qg4 37. Qf3 Qd7 38. Qd1 Qg7 39. Qe2 Qd7 40. Be3 Ne6 41. Nd3 Nd4 42. Rxf8+ Kxf8 43. Bh6+ Bg7 44. Qe3 Qf7 45. e5 Qe6 46. Qf4+ Qf5 47. exd6 Bxh6 48. Qxh6+ Kg8 49. Qe3 1-0

[Event "GER-chT U20"]
[Site "Kelbra"]
[Date "2006.12.30"]
[Round "7.1"]
[White "Beyer, Till"]
[Black "Heinz, Axel"]
[Result "1/2-1/2"]
[WhiteElo "2034"]
[BlackElo "2378"]
[PlyCount "116"]
[EventDate "2006.12.27"]
[EventType "team-swiss"]
[EventRounds "7"]
[EventCountry "GER"]
[SourceTitle "EXT 2008"]
[Source "ChessBase"]
[SourceDate "2007.11.25"]
[SourceVersion "1"]
[SourceVersionDate "2007.11.25"]
[SourceQuality "1"]
[WhiteTeam "Leipzig Mitte U20"]
[BlackTeam "Bindlach Aktionaer U20"]
[WhiteTeamCountry "GER"]
[BlackTeamCountry "GER"]

1. Nf3 Nf6 2. d4 e6 3. e3 b6 4. Be2 Bb7 5. 0-0 d5 6. Nbd2 Bd6 7. b3 0-0 8. Bb2 Nbd7 9. Ne5 c5 10. c4 Qc7 11. Ndf3 Rad8 12. Qc2 dxc4 13. bxc4 Be4 14. Bd3 Bxd3 15. Qxd3 Qb7 16. Qe2 cxd4 17. exd4 Qe4 18. Rfe1 Qxe2 19. Rxe2 Rc8 20. Rc1 Rfd8 21. g3 Bb8 22. Nd3 Nf8 23. Nde1 Rd7 24. Ng2 Rdc7 25. Ne3 b5 26. Rec2 bxc4 27. Rxc4 Rxc4 28. Rxc4 Rxc4 29. Nxc4 N8d7 30. Nce5 h6 31. Nc6 Kf8 32. Kf1 Ke8 33. Ke2 a6 34. Nxb8 Nxb8 35. Ne5 Nd5 36. Kd2 Nd7 37. Nc6 N7b6 38. Bc1 h5 39. Kc2 f6 40. Kd3 g5 41. h3 Nc7 42. Bd2 Kd7 43. Na5 Nbd5 44. Nb3 Kc6 45. Ke4 Kb5 46. Nc5 Kc4 47. Ba5 Nc3+ 48. Bxc3 Kxc3 49. f4 gxf4 50. gxf4 Kc4 51. h4 Nb5 52. Nxa6 Nd6+ 53. Kf3 Kxd4 54. Nc7 e5 55. fxe5 fxe5 56. Ke2 Nf5 57. Ne6+ Kd5 58. Ng5 Nxh4 1/2-1/2

[Event "GER-chT U20"]
[Site "Kelbra"]
[Date "2006.12.28"]
[Round "4.1"]
[White "Beyer, Till"]
[Black "Siebarth, Raiko"]
[Result "1/2-1/2"]
[WhiteElo "2034"]
[BlackElo "2179"]
[PlyCount "69"]
[EventDate "2006.12.27"]
[EventType "team-swiss"]
[EventRounds "7"]
[EventCountry "GER"]
[SourceTitle "EXT 2008"]
[Source "ChessBase"]
[SourceDate "2007.11.25"]
[SourceVersion "1"]
[SourceVersionDate "2007.11.25"]
[SourceQuality "1"]
[WhiteTeam "Leipzig Mitte U20"]
[BlackTeam "Stadtilm Blau Weiss U20"]
[WhiteTeamCountry "GER"]
[BlackTeamCountry "GER"]

1. Nf3 Nf6 2. d4 g6 3. c4 Bg7 4. Nc3 0-0 5. e4 d6 6. Be2 e5 7. dxe5 dxe5 8. Qxd8 Rxd8 9. Bg5 Re8 10. 0-0-0 c6 11. Nxe5 Nxe4 12. Nxe4 Bxe5 13. Nd6 Bxd6 14. Rxd6 Na6 15. Be3 Bf5 16. a3 Nc5 17. Bxc5 Rxe2 18. Rd2 Rxd2 19. Kxd2 Rd8+ 20. Kc1 b6 21. Be3 Be6 22. c5 b5 23. Rd1 Bd5 24. Rd4 Re8 25. g4 f6 26. Kd2 Kf7 27. Kc3 a5 28. Kd2 Re7 29. h4 Rb7 30. Kc3 Ke6 31. Bd2 h5 32. g5 fxg5 33. Bxg5 Rf7 34. Rf4 Rxf4 35. Bxf4 1/2-1/2

[Event "GER-chT U20"]
[Site "Kelbra"]
[Date "2006.12.27"]
[Round "1.1"]
[White "Baldauf, Marco"]
[Black "Beyer, Till"]
[Result "1-0"]
[WhiteElo "2160"]
[BlackElo "2034"]
[PlyCount "73"]
[EventDate "2006.12.27"]
[EventType "team-swiss"]
[EventRounds "7"]
[EventCountry "GER"]
[SourceTitle "EXT 2008"]
[Source "ChessBase"]
[SourceDate "2007.11.25"]
[SourceVersion "1"]
[SourceVersionDate "2007.11.25"]
[SourceQuality "1"]
[WhiteTeam "Pang/Rosenheim U20"]
[BlackTeam "Leipzig Mitte U20"]
[WhiteTeamCountry "GER"]
[BlackTeamCountry "GER"]

1. e4 c5 2. Nf3 e6 3. d4 cxd4 4. Nxd4 a6 5. Bd3 Nc6 6. Nxc6 dxc6 7. 0-0 Bd6 8. Nd2 b5 9. a4 Bb7 10. f4 Ne7 11. Qh5 g6 12. Qh3 f5 13. Kh1 Qd7 14. Nb3 0-0-0 15. Be3 fxe4 16. Bxe4 Nd5 17. Nc5 Bxc5 18. Bxc5 Rhe8 19. Qh4 Qg7 20. c3 Nf6 21. Bf3 Nd7 22. Bd4 Qf7 23. b4 Rf8 24. g3 Rde8 25. Qh3 Kc7 26. Qg2 Ra8 27. c4 e5 28. cxb5 axb5 29. axb5 exd4 30. bxc6 Ba6 31. cxd7 Bxf1 32. Qc2+ Bc4 33. Bxa8 d3 34. Qc3 d2 35. Bf3 Rb8 36. Qe5+ Kb6 37. Qxb8# 1-0

[Event "Leipzig VfB op 13th"]
[Site "Leipzig"]
[Date "2006.03.18"]
[Round "8"]
[White "Beyer, Till"]
[Black "Marquardt, Alexander"]
[Result "1-0"]
[WhiteElo "2030"]
[BlackElo "1914"]
[PlyCount "69"]
[EventDate "2006.03.14"]
[EventType "swiss"]
[EventRounds "9"]
[EventCountry "GER"]
[SourceTitle "EXT 2008"]
[Source "ChessBase"]
[SourceDate "2007.11.25"]
[SourceVersion "1"]
[SourceVersionDate "2007.11.25"]
[SourceQuality "1"]

1. Nf3 d5 2. c4 c6 3. Qc2 Nf6 4. g3 g6 5. Bg2 Bg7 6. 0-0 0-0 7. d3 Nbd7 8. Nbd2 e5 9. Rb1 Re8 10. e4 dxe4 11. Nxe4 Nxe4 12. dxe4 Nf8 13. Rd1 Qc7 14. h3 f6 15. b4 Be6 16. Be3 Red8 17. Bf1 b6 18. a4 Rxd1 19. Rxd1 Rd8 20. c5 Rxd1 21. Qxd1 Nd7 22. cxb6 axb6 23. a5 Bf8 24. Qa4 b5 25. Qc2 Bxb4 26. a6 c5 27. Bxb5 Nb6 28. Kh2 Qc8 29. Ng1 Kf7 30. Ne2 Bxh3 31. Nc1 Be6 32. Nd3 Ba5 33. Qxc5 Qb8 34. Qc6 f5 35. Qb7+ 1-0

[Event "Leipzig VfB op 13th"]
[Site "Leipzig"]
[Date "2006.03.15"]
[Round "2"]
[White "Beyer, Till"]
[Black "Schuster, Martin"]
[Result "1/2-1/2"]
[WhiteElo "2030"]
[BlackElo "2222"]
[PlyCount "68"]
[EventDate "2006.03.14"]
[EventType "swiss"]
[EventRounds "9"]
[EventCountry "GER"]
[SourceTitle "EXT 2008"]
[Source "ChessBase"]
[SourceDate "2007.11.25"]
[SourceVersion "1"]
[SourceVersionDate "2007.11.25"]
[SourceQuality "1"]

1. Nf3 d5 2. c4 e6 3. g3 Nf6 4. Qc2 Be7 5. Bg2 0-0 6. 0-0 c5 7. d4 cxd4 8. Nxd4 Nc6 9. Nxc6 bxc6 10. b3 Ba6 11. Bb2 Rc8 12. Nd2 Qb6 13. Rab1 Rfd8 14. Nf3 c5 15. Ng5 d4 16. Bc1 Bb7 17. Ne4 Rd7 18. Rd1 Rcd8 19. Bg5 Bxe4 20. Bxe4 Nxe4 21. Bxe7 Rxe7 22. Qxe4 Red7 23. Rb2 a5 24. Rbd2 f5 25. Qc2 Qc6 26. e3 dxe3 27. Rxd7 Rxd7 28. Rxd7 Qxd7 29. fxe3 Kf7 30. Qe2 g6 31. Kf2 h5 32. Qe1 Qc7 33. h4 Qd8 34. Qc3 Qc7 1/2-1/2

[Event "Leipzig VfB op 13th"]
[Site "Leipzig"]
[Date "2006.03.15"]
[Round "3"]
[White "Sabrowski, Uwe"]
[Black "Beyer, Till"]
[Result "1-0"]
[WhiteElo "2113"]
[BlackElo "2030"]
[PlyCount "73"]
[EventDate "2006.03.14"]
[EventType "swiss"]
[EventRounds "9"]
[EventCountry "GER"]
[SourceTitle "EXT 2008"]
[Source "ChessBase"]
[SourceDate "2007.11.25"]
[SourceVersion "1"]
[SourceVersionDate "2007.11.25"]
[SourceQuality "1"]

1. d4 Nf6 2. c4 e6 3. Nc3 Bb4 4. e3 d5 5. a3 Bd6 6. Nf3 c6 7. Qc2 0-0 8. e4 Nxe4 9. Nxe4 dxe4 10. Qxe4 f5 11. Qc2 c5 12. Bd3 cxd4 13. Nxd4 Bxa3 14. Rxa3 Qxd4 15. Be3 Qe5 16. 0-0 Nc6 17. Bd2 Qc7 18. Rfa1 e5 19. b4 Be6 20. c5 Qd7 21. b5 Nd4 22. Qb2 Rfd8 23. Bg5 Rdc8 24. c6 bxc6 25. b6 Rab8 26. Rxa7 Qd5 27. b7 Re8 28. Qb6 c5 29. Bf1 Nb3 30. Re1 c4 31. Qc7 Bf7 32. Be3 Nd4 33. Bxd4 Qxd4 34. Ra6 Bd5 35. Rd6 Qc3 36. Rxd5 Qxe1 37. Rd7 1-0

[Event "Oberliga Ost-A 0506"]
[Site "Germany"]
[Date "2006.02.19"]
[Round "8.8"]
[White "Pichler, Manfred"]
[Black "Beyer, Till"]
[Result "1-0"]
[WhiteElo "2106"]
[BlackElo "2030"]
[PlyCount "31"]
[EventDate "2005.11.13"]
[EventType "team-tourn"]
[EventRounds "11"]
[EventCountry "GER"]
[SourceTitle "EXT 2007"]
[Source "ChessBase"]
[SourceDate "2006.11.23"]
[SourceVersion "1"]
[SourceVersionDate "2006.11.23"]
[SourceQuality "1"]
[WhiteTeam "Halle USV"]
[BlackTeam "Leipzig Lok Mitte II"]
[WhiteTeamCountry "GER"]
[BlackTeamCountry "GER"]

1. e4 c5 2. Nf3 Nc6 3. Bb5 d6 4. d4 cxd4 5. Qxd4 Bd7 6. Bxc6 Bxc6 7. Nc3 Nf6 8. Bg5 Qa5 9. b4 Qb6 10. Bxf6 gxf6 11. Qc4 Rc8 12. Nd5 Qa6 13. Qxa6 bxa6 14. Nd4 Bg7 15. Nf5 Rg8 16. Ndxe7 1-0

[Event "Leutersdorf Muench Braeu op 08th"]
[Site "Leutersdorf"]
[Date "2003.02.13"]
[Round "3"]
[White "Beyer, Till"]
[Black "Pohl, Holger"]
[Result "1-0"]
[WhiteElo "1888"]
[BlackElo "1085"]
[PlyCount "77"]
[EventDate "2003.02.12"]
[EventType "swiss"]
[EventRounds "9"]
[EventCountry "GER"]
[SourceTitle "CBM 092 Extra"]
[Source "ChessBase"]
[SourceDate "2003.03.07"]
[SourceVersion "1"]
[SourceVersionDate "2003.03.07"]
[SourceQuality "1"]

1. c4 e5 2. Nc3 Nf6 3. e3 d5 4. cxd5 Nxd5 5. Bc4 Be6 6. Qb3 Nxc3 7. Bxe6 fxe6 8. Qxe6+ Qe7 9. Qc8+ Qd8 10. Qxd8+ Kxd8 11. bxc3 Nc6 12. Nf3 Kd7 13. 0-0 Re8 14. Rb1 Kc8 15. Bb2 Bd6 16. d4 e4 17. Nd2 Rhf8 18. c4 Rd8 19. Nxe4 Be7 20. Bc3 Rde8 21. d5 Nd8 22. Bxg7 Rg8 23. Bf6 Bf8 24. Bxd8 Rxe4 25. Bf6 Rxc4 26. Rfc1 Re4 27. Bd4 b6 28. Rc2 Reg4 29. f3 Rh4 30. Be5 Rh5 31. Rxc7+ Kd8 32. Bf4 Rxd5 33. Rxa7 h6 34. Ra8+ Ke7 35. Bxh6 Rd2 36. g3 Rh8 37. Bg5+ Kf7 38. h4 Rd6 39. Rb8 1-0

[Event "Leutersdorf Muench Braeu op 08th"]
[Site "Leutersdorf"]
[Date "2003.02.12"]
[Round "2"]
[White "Becker, Martin Alexander"]
[Black "Beyer, Till"]
[Result "1-0"]
[WhiteElo "2187"]
[BlackElo "1888"]
[PlyCount "49"]
[EventDate "2003.02.12"]
[EventType "swiss"]
[EventRounds "9"]
[EventCountry "GER"]
[SourceTitle "CBM 092 Extra"]
[Source "ChessBase"]
[SourceDate "2003.03.07"]
[SourceVersion "1"]
[SourceVersionDate "2003.03.07"]
[SourceQuality "1"]

1. e4 c5 2. Nf3 Nc6 3. d4 cxd4 4. Nxd4 Nf6 5. Nc3 d6 6. f3 Bd7 7. Be3 g6 8. Qd2 Bg7 9. 0-0-0 0-0 10. Bc4 Rc8 11. Bb3 Na5 12. Kb1 Nxb3 13. axb3 Bc6 14. h4 Qd7 15. h5 b5 16. Bh6 b4 17. Nd5 Bxd5 18. exd5 Bxh6 19. Qxh6 Kh8 20. hxg6 fxg6 21. Ne6 Rg8 22. Rd4 g5 23. Nxg5 Rg7 24. Ne6 Rf7 25. g4 1-0